ბათუმის შოთა რუსთაველის სახელმწიფო უნივერსიტეტის ბიბლიოთეკა

Организация и планирование предприятий по производству строительных изделий и конструкций. (ბიბ.ჩანაწერი № 40638)

000 -LEADER
fixed length control field 00865nam a2200217Ia 4500
001 - CONTROL NUMBER
control field 7266
003 - CONTROL NUMBER IDENTIFIER
control field GE_BSU
008 - FIXED-LENGTH DATA ELEMENTS--GENERAL INFORMATION
fixed length control field 181216s||||||||xx |||||||||||||| ||und||
040 ## - CATALOGING SOURCE
Transcribing agency GE_BSU
080 ## - UNIVERSAL DECIMAL CLASSIFICATION NUMBER
Universal Decimal Classification number 658:691(075)
100 ## - MAIN ENTRY--PERSONAL NAME
Personal name Вебер,Л.Б.
245 ## - TITLE STATEMENT
Title Организация и планирование предприятий по производству строительных изделий и конструкций.
245 ## - TITLE STATEMENT
Remainder of title Учебник.
245 ## - TITLE STATEMENT
Statement of responsibility, etc. Ред. Л.Б.Гагулаева.
260 ## - PUBLICATION, DISTRIBUTION, ETC.
Place of publication, distribution, etc. М.
260 ## - PUBLICATION, DISTRIBUTION, ETC.
Name of publisher, distributor, etc. Высшая школа.
260 ## - PUBLICATION, DISTRIBUTION, ETC.
Date of publication, distribution, etc. 1969.
300 ## - PHYSICAL DESCRIPTION
Extent 248стр.с илл.22см.библиогр.:стр.241-243.
653 ## - INDEX TERM--UNCONTROLLED
Uncontrolled term Организация и планирование предприятий по производству строительных изделий и конструкций.
942 ## - ADDED ENTRY ELEMENTS (KOHA)
Koha item type წიგნი
ეგზემპლარები
Withdrawn status Lost status Damaged status Not for loan Date acquired Barcode Date last seen Price effective from Koha item type
        2018-12-17 12106 2018-12-17 2018-12-17 წიგნი